000 00647nam a2200229 4500
003 OSt
005 20240608030146.0
006 a
008 240608b |||||||| |||| 00| 0 eng d
020 _a9780750684552
040 _aDWCL-Main lib.
_cOC
082 _aCirc. 005.71 N763d 2011
100 _a005.71 N763d 2011
245 _aDemystifying embedded systems middleware /
260 _aAmsterdam ; Boston :
_bNewsnes,
_cc2011.
300 _avii,
_b400 p. : ill. ;
_c23 cm.
504 _aIncludes index.
650 _a1. Middleware.
650 _a2. Embedded computer systems.
700 _aTammy Noergaard
942 _2ddc
_n0
_cBK-CIRC
_kCirc.
999 _c402
_d402